| 000 | 004660000a22001810004500 | ||
|---|---|---|---|
| 003 | LK-CoMWRAF | ||
| 005 | 20231230154508.0 | ||
| 008 | 230817t ||||| |||| 00| 0 eng d | ||
| 040 |
_aLK-CoMWRAF _dLK-CoMWRAF _eLK-CoMWRAF |
||
| 041 | _aeng | ||
| 082 |
_a820 _bKUM |
||
| 100 | _aKumaris, Brahma | ||
| 245 | _aJust a Moment | ||
| 260 |
_aRajastan (India) : _bBrahma kumaris Ishwariya vishwa vidyalaya _c1996 |
||
| 300 | _a76p | ||
| 650 | _aLiterature | ||
| 942 | _cBK | ||
| 999 |
_c1409 _d1409 |
||